Normal view
MARC view
Entry Personal Name
001 - CONTROL NUMBER
- control field: 24938
003 - CONTROL NUMBER IDENTIFIER
- control field: dpl
005 - DATE AND TIME OF LATEST TRANSACTION
- control field: 20101218155723.0
008 - FIXED-LENGTH DATA ELEMENTS
- fixed length control field: 101218|||a|||||| | ||| d
040 ## - CATALOGING SOURCE
- Original cataloging agency: dpl
- Transcribing agency: dpl
100 ## - HEADING--PERSONAL NAME
- Personal name: Ray, Chhanda
670 ## - SOURCE DATA FOUND
- Source citation: Work cat.: (dpl)35790: Ray, Chhanda , Distributed database systems /, 2009
670 ## - SOURCE DATA FOUND
- Source citation: Work cat.: (dpl)35790: Ray, Chhanda , Distributed database systems /, 2009
